• 首页
  • 本馆介绍
  • 公告通知
  • 最新文献
  • 馆藏检索
  • 电子资源
  • 读者导购
  • 参考咨询
  • 我的图书馆
  • 登录
  • 详细信息显示
  • 放入我的书架
  • 预约/预借图书
  • 作者相关作品
  • 分类相关作品
  • 丛书相关作品
  • 出版社相关作品

书目信息

  • 表格格式
  • 工作单格式
  • 卡片格式
题名:
辛亥革命苏州“和平光复”模式研究
    
 
作者: 高钟 著
分册:  
出版信息: 苏州   苏州大学出版社  2016
页数: 317页
开本: 24cm
丛书名:
单 册:
中图分类: K257.07
科图分类:
主题词: 辛亥革命--xin hai ge ming--研究--苏州
电子资源:
ISBN: 978-7-5672-1828-4
000 01052nam0 22002411 450
001 1731229119
005 20170602161203.0
010    @a978-7-5672-1828-4@dCNY68.00
100    @a20161126d2016 em y0chiy50 ea
101 0  @achi
102    @aCN@b320000
105    @aa z 000yy
106    @ar
200 1  @a辛亥革命苏州“和平光复”模式研究@Axin hai ge ming su zhou he ping guang fu mo shi yan jiu@f高钟著
210    @a苏州@c苏州大学出版社@d2016
215    @a317页@c照片@d24cm
300    @a江苏省社会科学基金重点项目
330    @a本书对辛亥革命中率先实现和平光复的苏州现象做了分析和探讨。书中不仅对以苏州为中心的江南地区的历史文化做了长时段的追踪,对明清以来的经济和社会的变化详加考察,更对晚清苏州地方官员、绅商、学界的政治心态及行为特征乃至个性进行了认真剖析,对革命党人和新军士兵组织发动人民群众的工作也分别着力呈现,最终说明苏州和平光复是合力所致。
606 0  @a辛亥革命@Axin hai ge ming@x研究@y苏州
690    @aK257.07@v5
701  0 @a高钟@Agao zhong@f(1952~)@4著
801  0 @aCN@bTANG WEI@c20170527
905    @b0970373-7@dK257.07@e57@f5
    
    辛亥革命苏州“和平光复”模式研究/高钟著 .-苏州:苏州大学出版社,2016
    317页:照片;24cm
    江苏省社会科学基金重点项目
    
    ISBN 978-7-5672-1828-4:CNY68.00
    本书对辛亥革命中率先实现和平光复的苏州现象做了分析和探讨。书中不仅对以苏州为中心的江南地区的历史文化做了长时段的追踪,对明清以来的经济和社会的变化详加考察,更对晚清苏州地方官员、绅商、学界的政治心态及行为特征乃至个性进行了认真剖析,对革命党人和新军士兵组织发动人民群众的工作也分别着力呈现,最终说明苏州和平光复是合力所致。
●
相关链接 在E读中查询图书 在五车中查询图书 在当当中查询图书 在豆瓣中查询图书


正题名:辛亥革命苏州"和平光复"模式研究     索取号:K257.07/57         预约/预借

序号 登录号 条形码 馆藏地/架位号 状态 备注
1 0970373   209703739   第二样本阅览室/ [索取号:K257.07/57] 在馆    
2 0970374   209703748   第二借阅区/ [索取号:K257.07/57] 在馆    
3 0970375   209703757   第二借阅区/ [索取号:K257.07/57] 在馆    
4 0970376   209703766   第二借阅区/ [索取号:K257.07/57] 在馆    
5 0970377   209703775   第二借阅区/ [索取号:K257.07/57] 在馆    
唐山师范学院图书馆 欢迎您!
大连网信软件有限公司© 版权所有